|
|
|
|
| LEADER |
01356nam a2200349Ia 4500 |
| 001 |
EBC3050581 |
| 003 |
MiAaPQ |
| 005 |
20200520144314.0 |
| 006 |
m o d | |
| 007 |
cr cn||||||||| |
| 008 |
030401s2003 dcu sb i000 0 eng d |
| 020 |
|
|
|z 0821354345
|
| 035 |
|
|
|a (MiAaPQ)EBC3050581
|
| 035 |
|
|
|a (Au-PeEL)EBL3050581
|
| 035 |
|
|
|a (CaPaEBR)ebr10040037
|
| 035 |
|
|
|a (CaONFJC)MIL8675
|
| 035 |
|
|
|a (OCoLC)53333803
|
| 040 |
|
|
|a MiAaPQ
|c MiAaPQ
|d MiAaPQ
|
| 050 |
|
4 |
|a HG195
|b .T39 2003
|
| 082 |
0 |
4 |
|a 336.2/783321/091724
|2 21
|
| 245 |
0 |
0 |
|a Taxation of financial intermediation
|h [electronic resource] :
|b theory and practice for emerging economies /
|c edited by Patrick Honohan.
|
| 260 |
|
|
|a Washington, DC :
|b World Bank,
|c 2003.
|
| 300 |
|
|
|a xiv, 443 p.
|
| 500 |
|
|
|a "A co-publication of the World Bank and Oxford University Press."
|
| 504 |
|
|
|a Includes bibliographical references.
|
| 533 |
|
|
|a Electronic reproduction. Ann Arbor, MI : ProQuest, 2015. Available via World Wide Web. Access may be limited to ProQuest affiliated libraries.
|
| 650 |
|
0 |
|a Financial services industry
|x Taxation
|z Developing countries.
|
| 650 |
|
0 |
|a Finance.
|
| 655 |
|
4 |
|a Electronic books.
|
| 700 |
1 |
|
|a Honohan, Patrick.
|
| 710 |
2 |
|
|a ProQuest (Firm)
|
| 856 |
4 |
0 |
|u https://ebookcentral.proquest.com/lib/matrademy/detail.action?docID=3050581
|z Click to View
|